00859nam a2200217 i 4500001000700000003000900007005001700016007000300033008004100036080002100077100004100098245008800139260003600227300003200263490004400295650005900339830005200398852005000450999001900500952012200519106053ES-MaACL20230906184038.0t|060922s1963 sp ||||1| spa d a821.134.2.09"19"1 aMarra-Lopez, José Ramón.918515010aNarrativa española fuera de España : b(1939-1961) / cJosé R. Marra-López. aMadrid : bGuadarrama, c[1963] a539 p., 8 lám. ; c19 cm.1 aGuadarrama de crítica y ensayo ; v3914aProsa española-yS.XX-vHistoria y crítica.9165041 aGuadarrama de crítica y ensayo ; v3991827284 aES-MaACLjAND-718 z- Biblioteca Juan Andrade c106053d106053 00104070aATENEOMbATENEOMcDEPO2d2008-01-17eSCl0oAND-718p1110715r2023-02-23 00:00:00w2023-02-23yMONOGRAFIA